| 000 | 00000nam 2200000zi 4500 |
| 001 | 9.926658 |
| 003 | CaOODSP |
| 005 | 20240911133353 |
| 006 | m o d f |
| 007 | cr ||||||||||| |
| 008 | 230828e197211 oncbd o f000 0 eng d |
| 040 | |aCaOODSP|beng|erda|cCaOODSP |
| 043 | |an-cn-nk|an-cn-pi |
| 086 | 1 |aRE22-384/4-1972E-PDF |
| 100 | 1 |aRobertson, A., |eauthor. |
| 245 | 10|aMining industry employment forecast, New Brunswick and Prince Edward Island, 1971-1981 / |cA. Robertson. |
| 264 | 1|a[Ottawa] : |bRegional Economic Expansion Canada = Expansion économique régionale Canada, |cNovember 1972. |
| 300 | |a1 online resource (35 pages) : |bmaps, graph |
| 336 | |atext|btxt|2rdacontent |
| 337 | |acomputer|bc|2rdamedia |
| 338 | |aonline resource|bcr|2rdacarrier |
| 500 | |aDigitized edition from print [produced by Innovation, Science and Economic Development Canada]. |
| 500 | |a"Working Paper." |
| 650 | 0|aMineral industries|zNew Brunswick. |
| 650 | 0|aMineral industries|zPrince Edward Island. |
| 650 | 0|aEmployment forecasting|zNew Brunswick. |
| 650 | 0|aEmployment forecasting|zPrince Edward Island. |
| 650 | 6|aMines|xIndustrie|zNouveau-Brunswick. |
| 650 | 6|aMines|xIndustrie|zÎle-du-Prince-Édouard. |
| 650 | 6|aEmploi|xPrévision|zNouveau-Brunswick. |
| 650 | 6|aEmploi|xPrévision|zÎle-du-Prince-Édouard. |
| 710 | 1 |aCanada. |bDepartment of Regional Economic Expansion, |eissuing body. |
| 856 | 40|qPDF|s464 KB|uhttps://publications.gc.ca/collections/collection_2024/isde-ised/re22/RE22-384-4-1972-eng.pdf |